000 00520nam a22001697a 4500
003 NUST
005 20240306114137.0
008 240306b ||||| |||| 00| 0 eng d
020 _a9780645267204
038 _aMalang Jan
082 _a153.8
_bSEN
100 1 _aSenanayake,Rashan
_9121886
245 _a Inspired Success: Designing Your Own Definition Of Success:
_bDesigning Your Own Definition of Success/
_cby Rashan Senanayake
260 _bRashan Senanayaka;
_c2021.
300 _a259p.:
_bIll;
942 _2ddc
_cBK
999 _c608573
_d608573